Responses for show #4693 - Wednesday, January 19, 2005

Contestants

[<< previous game]

Steve Kaplan, a law student from San Diego, California

Ali Moss, a college student from Great Neck, New York

Bud Humphrey, an editor from Park Ridge, Illinois (whose 3-day cash winnings total $56,599)

[next game >>]

Jeopardy! Round responses

U.S. CITIES
MOVIE DIRECTORS
BUILDING FEATURES
CHERCHEZ LA FEMME
(Alex: We'll give you three names. You point out which one is the woman.)
CHARACTERS' FAREWELLS
ODD, OLD & OBSCURE VOCABULARY
    $200 2
Atlantic City

Ali
    $200 1
(Quentin) Tarantino

Steve
    $200 12
(Bud: What's a porch?)
...
(Alex: Porch was in the clue.)

a veranda

BudSteve
    $200 24
Gene Tierney

Bud
    $200 17
(Alex: [Reads whole category in character])

Ahab

Steve
    $200 7
hand

Bud
    $400 3
(Ali: What is Savannah?)

Augusta

BudAli
    $400 11
(Martin) Scorsese

Steve
    $400 13
a gargoyle

Bud
    $400 25
(Steve: Who is Ashley Montagu?)
...
(Alex: Yes, she was on our Celebrity Jeopardy!)

Ashleigh Banfield

AliSteve
    $400 18
King Arthur

Steve
    $400 8
winter

Ali
    $600 4
Kalamazoo

Triple Stumper
    $600 14
(Clint) Eastwood

Steve
    $600 15
(Steve: What is a cross?)

a spire

Steve
Triple Stumper
    $600 26
(Steve: Who is Kim Philby?)
...
(Alex: Yes, Kim Philby was the spy.)

Kim Stanley

BudSteve
    $600 19
(Alex: [*] from 2001: A Space Odyssey.)

HAL

Steve
    $600 9
ice

Ali
    $800 5
Mobile

Steve
    $800 22
(Tim) Burton

Steve
    $800 16
(Alex: And that is a [*]. Steve, want to stick with it?)
[Laughter from audience as Steve smiles and changes the category]

a cupola

Triple Stumper
    $800 27
(Alex: Yeah. You see her once, you wouldn't forget her.)

Barrie Chase

Bud
    $800 20
(Alex: From A Tale of Two Cities, [*].)

Sydney Carton

Triple Stumper
    $800 10
masticate

Steve
    $1000 6
(Bud: What is Zaneville?)
(Steve: What is Zane?)

Zanesville

BudAliSteve
    $1000 23
[Bud pauses and thinks before responding.]
(Alex: Oooowww, you got it in the nick of time.)

Ron Howard

Bud
    $1,000 30
(Alex: You have more than twice as much money as your nearest opponent.)
(Bud: I will be bold and wager $1,000, Alex.)
(Alex: All right, here is the clue in BUILDING FEATURES.)
...
(Alex: [*], from dormir, to sleep.)

the bedroom

Bud
    $1000 28
P.D. James

Bud
    $1000 21
Gollum

Bud
    $1000 29
milk

Bud

Scores at the first commercial break (after clue 14):

Bud Ali Steve
-$200 $1,800 $2,000

Scores at the end of the Jeopardy! Round:

Bud Ali Steve
$6,400 $2,200 $2,400

Double Jeopardy! Round responses

WON
DOSE
TREES
"FORE"
'56
7 DEADLY SINS
    $400 4
Jefferson

Bud
    $400 16
C

Steve
    $400 6
a weeping willow

Ali
    $400 1
foreclosure

Steve
    $400 11
the Sinai

Ali
    $400 7
envy

Ali
    $800 22
Car of the Year

Steve
    $800 17
methadone

Bud
    $800 12
The Giving Tree

Bud
    $800 2
Forest Whitaker

Triple Stumper
    $800 27
Nigeria

Steve
    $800 8
Pride

Steve
    $1200 25
(Bud: Who was Enver Hoxha?)

Slobodan Milosevic

Bud
Triple Stumper
    $1200 18
dopamine

Ali
    $1200 14
the larch

Triple Stumper
    $1200 3
Foreign Correspondent

Triple Stumper
    $2,500 29
the Andrea Doria

Ali
    $1200 9
gluttony

Ali
    $1600 23
Trafalgar

Steve
    $1600 19
cyanide

Steve
    $1600 15
the mulberry

Ali
    $1600 5
foreboding

Ali
    $1600 10
(Alex: Book was called [*] for Life.)

lust

Triple Stumper
    $2000 24
Torvill & Dean

Steve
    $2,000 20
(Steve: What is salt?)

radiation

Steve
    $2000 26
lodgepole

Bud
    $2000 21
forensic

Ali
    $2000 28
Rutgers

Ali
    $2000 13
sloth

Steve

Scores at the end of the Double Jeopardy! Round:

Bud Ali Steve
$9,200 $15,500 $10,800

[wagering suggestions for these scores]

Final Jeopardy! Round responses

CLASSIC AMERICAN SONGS
BudWhat is Take Me Out to the Ballgame?
$9,199
SteveWhat is Take me out to the ballgame
$7,600
AliWhat is Casey at the Bat
$5,301
"Take Me Out To The Ball Game"

Final scores:

Bud Ali Steve
$18,399 $10,199 $18,400
2nd place: $2,000 3rd place: $1,000 New champion: $18,400

Game dynamics:

Coryat scores:

Bud Ali Steve
$9,200 $14,200 $12,800
15 R
(including 1 DD),
3 W
15 R
(including 1 DD),
1 W
19 R,
5 W
(including 1 DD)

Combined Coryat: $36,200

The J! Archive is created by fans, for fans. The Jeopardy! game show and all elements thereof, including but not limited to copyright and trademark thereto, are the property of Jeopardy Productions, Inc. and are protected under law. This website is not affiliated with, sponsored by, or operated by Jeopardy Productions, Inc. Join the discussion at JBoard.tv.